000 00906nas a2200313 4500
001 BR0905698
003 BR-BrBNA
005 20231205113730.0
007 ta
008 230509b bl.|||p| |||| 00| 00por d
040 _aBR-BrBNA
_bpor
_cBiblioteca Nacional de Agricultura
041 _a(Pt)
072 _aF01; F04
100 1 _aOliveira, A.P. de
100 1 _aOliveira, A.N.P. de
100 1 _aAlves, A.U.
100 1 _aAlves, E.U.
100 1 _aSilva, D.F. da
100 1 _aSantos, R.R.
100 1 _aLeonardo, F. de A.P.
245 1 _aRendimento do maxixeiro adubado com doses de nitrogênio
650 _aMAXIXE
650 _aADUBAÇÃO
650 _aPRODUÇÃO VEGETAL
650 _aNITROGÊNIO
773 0 _tHorticultura Brasileira (Brazil)
_xISSN 0102-0536
_g(Oct-Dec 2008), v. 26(4) p. 533-536
_wBR0905698
909 _a202311
_bLúcia
_c55
_dLúcia Elande
942 _2AGRIS
_n0
_cANA
999 _c205298
_d205298